Scheduled castes today / (Record no. 65239)

MARC details
000 -LEADER
fixed length control field 00580nam a22001577a 4500
005 - DATE AND TIME OF LATEST TRANSACTION
control field 2012041903283.0
020 ## - INTERNATIONAL STANDARD BOOK NUMBER
International Standard Book Number 8175330600
Terms of availability 00.00
035 ## - SYSTEM CONTROL NUMBER
System control number A-936183
037 ## - SOURCE OF ACQUISITION
Stock number DPL
Source of stock number/acquisition ENG
245 ## - TITLE STATEMENT
Title Scheduled castes today /
Statement of responsibility, etc edited by Makhan Jha
260 ## - PUBLICATION, DISTRIBUTION, ETC. (IMPRINT)
Place of publication, distribution, etc New Delhi
Name of publisher, distributor, etc M D Publications Pvt Ltd
Date of publication, distribution, etc 1997
300 ## - PHYSICAL DESCRIPTION
Extent xiii, 172p.
Dimensions 20 cms.
700 ## - ADDED ENTRY--PERSONAL NAME
Personal name Jha, Makhan
9 (RLIN) 45363
942 ## - ADDED ENTRY ELEMENTS (KOHA)
Source of classification or shelving scheme Dewey Decimal Classification
Item type English Books
Classification part 305.56
Call number suffix JHA
Holdings
Withdrawn status Lost status Not for loan Collection code Home library Current library Date acquired Cost, normal purchase price Full call number Barcode Cost, replacement price Koha item type
      Non-fiction Sarojini Nagar Sarojini Nagar 19/04/2012 0.00 305.56 JHA A-936183 0.00 English Books

© Delhi Public Library
Hit Counter
free hit counter